Marvel Locations - Statistics

General Stats
  • This quiz has been taken 17 times
  • The average score is 8 of 22
Answer Stats
Hint Location % Correct
Thor Asgard
93%
Black Panther Wakanda
93%
Avengers Avengers Tower
73%
Age of Ultron Sokovia
73%
Thanos Titan
73%
Fantastic Four Baxter Building
47%
Guardians Knowhere
47%
Tony Stark Stark Tower
47%
X-Men X-Mansion
47%
Black Widow Red Room
40%
Underwater Atlantis
33%
Avengers Avengers Compound
33%
Dr. Strange Sanctum Sanctorum
33%
Spider-Man Daily Bugle
20%
Guardians Ego the Living Planet
13%
South Africa Genosha
13%
Amusement Park Murderworld
13%
Prehistoric Land Savage Land
13%
Celtic Avalon
7%
Mutants District X
7%
Fantastic Four Four Freedoms Plaza
7%
Tony Stark Tony's Mansion
7%
No matching quizzes found
Score Distribution
Percent of People with Each Score
Percentile by Number Answered
Your Score History
You have not taken this quiz